|
|
|
|
| LEADER |
00000cam a2200000 a 4500 |
| 001 |
si2617 |
| 005 |
20230308171018.0 |
| 008 |
007092|2006 ||||||||r|||||||||||spa|| |
| 020 |
|
|
|a 0 268 05951 0
|
| 040 |
|
|
|b spa
|
| 041 |
1 |
|
|a fre
|
| 082 |
0 |
|
|a 895.6
|
| 100 |
1 |
|
|a Bunroku, Shishi
|d 1893-1969
|9 59231
|
| 245 |
1 |
1 |
|a L'école de la liberté. Roman
|c Shishi Bunroku, trad. Jean-Christien Bouvier
|h imp
|
| 264 |
|
|
|a París
|b Editions du Rocher
|c 2006
|
| 300 |
|
|
|a 365 páginas:
|c 20,5 cm
|
| 650 |
1 |
|
|a Novela japonesa
|9 44185
|
| 852 |
|
|
|a UC-CDJBV
|c TERCER PISO
|f Donación
|k margarita.gutierrez
|l 1
|m General
|p 20070921
|q 1,00
|r 8
|t si2617
|b 0
|d CDRC
|e CDRC
|g 895.6 TERCER PISO
|z 2007-70-92
|
| 942 |
|
|
|c BK
|
| 999 |
|
|
|c 34564
|d 34564
|